Buffy Characters: First Line & Last Line (Season 6) Quiz Stats

 Plays Quiz not verified by Sporcle

Support Sporcle.
Go Orange.
Score 0/17 Timer 05:00
0 Plays Today
First Line Character % Correct
'I'm never gonna get anything killed with you lot holding me back.''Spike
98.1%
''No thanks, still kinda queasy.''Amy Madison
96.3%
''Xander!''Anya Jenkins
95.7%
''I thought the big ones were supposed to tire more easily.''Tara Maclay
95.7%
''No!''Buffy Summers
94.4%
''Sure.''Jonathan Levinson
94.4%
''I have been called, and vengeance shall I wreak.''Halfrek
93.2%
''I'm fine, I just need to...to die for a minute.''Rupert Giles
91.3%
''I didn't take your clogs.''Dawn Summers
90.1%
First Line Character % Correct
''Guys, heads up.''Willow Rosenberg
84.5%
''Sounds like the other units are engaged.''Xander Harris
83.2%
''Okay.''Warren Mears
80.7%
''We can do that.''Andrew Wells
80.1%
''Hey. Hey there. What exactly are you doing with my husband?''Samantha Finn
80%
''Ante up.''Clem
77.6%
''Hey.''Riley Finn
77%
''Big, fast, and dumb. Just the way I like 'em.''Buffybot
59%

You're not logged in!

Compare scores with friends on all Sporcle quizzes.
OR
Log In

From the Vault

Find the Italian Animals

by Rackie

You might even find some of these animals "roman" around Italy.
Remove Ads.
Support Sporcle.
Get the best of Sporcle when you Go Orange. This ad-free experience offers more features, more stats, and more fun while also helping to support Sporcle. Thank you for becoming a member.

Show Comments

Extras

Top Quizzes Today


Score Distribution

Your Account Isn't Verified!

In order to create a playlist on Sporcle, you need to verify the email address you used during registration. Go to your Sporcle Settings to finish the process.

Report this User

Report this user for behavior that violates our Community Guidelines.

Details: